The great doctrines of the Bible (Record no. 22471)

MARC details
000 -LEADER
fixed length control field 00431cam a2200181 i 4500
020 ## - INTERNATIONAL STANDARD BOOK NUMBER
ISBN 0802433014 :
082 00 - DEWEY DECIMAL CLASSIFICATION NUMBER
Classification number 230
Author Cutter EVA
100 1# - MAIN ENTRY--AUTHOR NAME
Author name Evans, William,
245 14 - TITLE STATEMENT
Title The great doctrines of the Bible
250 ## - EDITION STATEMENT
Edition statement Enl. ed.
260 ## - PUBLICATION, DISTRIBUTION, ETC. (IMPRINT)
Place of publication Chicago :
Name of publisher Moody Press,
Year of publication [1974]
300 ## - PHYSICAL DESCRIPTION
Number of Pages 325 p. ;
500 ## - GENERAL NOTE
General note Includes index.
650 #0 - SUBJECT ADDED ENTRY--TOPICAL TERM
Topical Term Theology, Doctrinal
942 ## - ADDED ENTRY ELEMENTS (KOHA)
Koha item type Books
700 1# -
-- Coder, S. Maxwell
Holdings
Home library Current library Shelving location Date acquired Full call number Accession Number Koha item type
Henry Martyn Institute Library Henry Martyn Institute Library General stacks 11/02/2018 230 EVA 11003836 Books
                   Copyright © 2026 | Henry Martyn Institute | Hyderabad | TS-500052 | INDIA | Implemented by hmi.edu.in
Hit-Count:

Powered by Koha